=LDR 00000nam 2200000 4500 =001 INLIS000000000001506 =005 20200921083553 =035 ##$$a 0010-061300000001506 =008 200921################g##########0#ind## =041 ##$$a Ind =090 ##$$a 305.231 959 8, Ana-a =245 1#$$a Anak Indonesia teraniyaya : $b Menelusuri hak politik dan persoalan gender dalam islam /$c MIF Baihaqi =260 ##$$a Bandung :$b Remaja Rosa Karya,$c 1998 =300 ##$$a xxxvii, 203 hlm. : $b ilus ; $c 17 x 13 cm. =650 #4$$a Anak (Terlantar) Indonesia =850 ##$$a NBPNMAT =020 ##$$a 979-514-769-2 =082 ##$$a 305. 231 959 8 =084 ##$$a 305. 231 959 8 BAI a =100 #$$a Baihaqi, MIF =250 ##$$a cet. 1 =990 ##$$a 139.427/Pb.98 =990 ##$$a 139.428/Pb.98 =990 ##$$a 139.429/Pb.98